Geometry: a transformation approach

Збережено в:
Бібліографічні деталі
Автори: Coxford, Arthur F (Автор), Usiskin, Zalman P (Автор)
Формат: Книга
Мова:Англійська
Опубліковано: River Forest Laidlaw Brothers 1971
Предмети:
Теги: Додати тег
Немає тегів, Будьте першим, хто поставить тег для цього запису!

MARC

LEADER 00000nam a2200000 a 4500
001 UCT2990
003 CL-VaPUC
008 961018e19710000US |||||||||||||||||eng|d
082 0 4 |a 516  |b COX  |2 21 
100 0 |a Coxford, Arthur F  |e author  |9 372008 
700 0 |a Usiskin, Zalman P  |e author  |9 372009 
245 1 0 |a Geometry: a transformation approach 
300 |a 612 p 
942 |c BK 
945 |d 19961018 00:00:00  |a cmena 
260 |a River Forest  |b Laidlaw Brothers  |c 1971 
650 0 |a Geometría   |9 264063 
650 0 |a Figuras geométricas   |9 347994 
650 0 |a Ángulos  |9 342215 
650 7 |a CIRCULOS  |2 CL-VaPUC  |9 360019 
650 0 |a Matrices   |9 22 
583 |a last modification  |c 19961018 00:00:00  |k Rodrigo Vera 
999 |c 252857  |d 252855 
952 |0 0  |1 0  |4 0  |6 516_000000000000000_COX_1971  |7 0  |8 A  |9 272981  |a BIBMAT  |b BIBMAT  |d 2019-11-19  |i 130240K  |l 2  |m 1  |o 516 COX 1971  |p 130240K  |r 2025-01-07  |s 2023-11-14  |w 2019-11-19  |y BK  |k MAT